| 000 | 00724nam a2200193Ii 4500 | ||
|---|---|---|---|
| 003 | JO-AjNU | ||
| 008 | 230605s9999||||xx |||||||||||||| ||und|| | ||
| 040 |
_aJO-AjNU _bara _erda _cJO-AjNU |
||
| 041 | _aara | ||
| 050 | 1 | 4 | _aPJ6151.K212 1982 |
| 100 | 3 |
_aخراكوفسكي، فيكتور؛ ترجمة جعفر دك الباب, _eauthor _97366 |
|
| 245 | 0 | 0 | _aعلم النحو العام والنحو العربي |
| 264 | 3 | 1 | _aسوريا: الجمهورية العربية السورية, وزارة التعليم العالي، 1982 |
| 300 | _a279ص | ||
| 336 |
_atext _btxt _2rdacontent |
||
| 337 |
_aunmediated _bn _2rdamedia |
||
| 338 |
_avolume _bnc _2rdacarrier |
||
| 650 | 4 |
_aاللغة العربية-النحو _97367 |
|
| 999 |
_aA243 _c3811 _d3811 |
||